|
000
|
00810nam0 2200229 45
|
|
001
|
012016000000
|
|
005
|
20161017121212.0
|
|
010
|
|
@a978-7-5193-0039-5@dCNY25.00
|
|
100
|
|
@a20161017d2016 em y0chiy50 ea
|
|
101
|
0
|
@achi@aeng
|
|
102
|
|
@aCN@b110000
|
|
105
|
|
@ay z 000yy
|
|
106
|
|
@ar
|
|
200
|
1
|
@a大学英语四级听力特训@Ada xue ying yu si ji ting li te xun@e听力新题型@f新东方考试研究中心编著
|
|
210
|
|
@a北京@c群言出版社@d2016
|
|
215
|
|
@a303页@d21cm
|
|
330
|
|
@a本书对四级听力考试新走向进行了全面系统的剖析,从细微处入手,对各听力题型层层分析,各个击破。
|
|
606
|
0
|
@a英语@Aying yu@x听力@j习题集
|
|
690
|
|
@aH319.9@v5
|
|
711
|
02
|
@a新东方考试研究中心@Axin dong fang kao shi yan jiu zhong xin@4编著
|
|
801
|
0
|
@aCN@bCDNYKJZYXY@c20161017
|
|
905
|
|
@aCDNYKJZYXY@b533129-31@dH319.9@e309@f3
|
|
|
|
|
| |
| 大学英语四级听力特训:听力新题型/新东方考试研究中心编著.-北京:群言出版社,2016 |
| 303页;21cm |
| |
| |
| ISBN 978-7-5193-0039-5:CNY25.00 |
| 本书对四级听力考试新走向进行了全面系统的剖析,从细微处入手,对各听力题型层层分析,各个击破。 |
| ● |
正题名:大学英语四级听力特训
索取号:H319.9/309
 
预约/预借
| 序号
|
登录号
|
条形码
|
馆藏地/架位号
|
状态
|
备注
|
|
1
|
533129
|
300533129
|
柳城-3楼/17架12列4层/
[索取号:H319.9/309]
|
在馆
|
|
|
2
|
533130
|
300533130
|
柳城-3楼/17架12列4层/
[索取号:H319.9/309]
|
在馆
|
|
|
3
|
533131
|
300533131
|
海科密-1楼/26架10列7层/
[索取号:H319.9/309]
|
在馆
|
|